[Event "Carlos Torre Memorial op 15th"]
[Site "Merida"]
[Date "2002.12.17"]
[Round "5"]
[White "Leon Hoyos, Manuel"]
[Black "Hidalgo Rios, Manuel"]
[Result "1-0"]
[WhiteElo "2261"]
[BlackElo "2079"]
[PlyCount "69"]
[EventDate "2002.12.13"]
[EventType "swiss"]
[EventRounds "9"]
[EventCountry "MEX"]
[SourceTitle "CBM 091 Extra"]
[Source "ChessBase"]
[SourceDate "2003.01.09"]
[SourceVersion "1"]
[SourceVersionDate "2003.01.09"]
[SourceQuality "1"]

1. e4 e5 2. Nf3 Nf6 3. Nxe5 d6 4. Nf3 Nxe4 5. Nc3 Nf6 6. d4 Be7 7. Bf4 Bg4 8. h3 Bh5 9. Qd2 d5 10. g4 Bg6 11. Ne5 Nbd7 12. f3 c6 13. 0-0-0 Nf8 14. h4 h6 15. Bh3 N6d7 16. Rhe1 Nxe5 17. Bxe5 Ne6 18. f4 Bxh4 19. f5 Bxe1 20. Rxe1 0-0 21. fxe6 Qh4 22. exf7+ Rxf7 23. Rh1 Raf8 24. Nd1 b6 25. Rh2 Re8 26. b3 c5 27. Bg2 Qd8 28. Nc3 Be4 29. Nxe4 dxe4 30. Bxe4 cxd4 31. Rh5 g5 32. Qh2 Rf1+ 33. Kb2 Qe7 34. Bd5+ Kf8 35. Bd6 1-0

[Event "Carlos Torre Memorial op 15th"]
[Site "Merida"]
[Date "2002.12.16"]
[Round "4"]
[White "Hidalgo Rios, Manuel"]
[Black "Hernandez Alvarez, Tania Regla"]
[Result "1-0"]
[WhiteElo "2079"]
[BlackElo "2250"]
[PlyCount "119"]
[EventDate "2002.12.13"]
[EventType "swiss"]
[EventRounds "9"]
[EventCountry "MEX"]
[SourceTitle "CBM 091 Extra"]
[Source "ChessBase"]
[SourceDate "2003.01.09"]
[SourceVersion "1"]
[SourceVersionDate "2003.01.09"]
[SourceQuality "1"]

1. e4 c5 2. Nf3 d6 3. d4 cxd4 4. Nxd4 Nf6 5. Nc3 a6 6. Bc4 e6 7. Bb3 Nbd7 8. 0-0 Nc5 9. f4 Be7 10. Qf3 0-0 11. Be3 b5 12. Nc6 Qc7 13. e5 Bb7 14. Nxe7+ Qxe7 15. exf6 Qxf6 16. Qf2 b4 17. Ne2 Nxb3 18. cxb3 Qxb2 19. Bd4 Qc2 20. Rfc1 Qg6 21. Rc7 Bd5 22. Rac1 a5 23. Ng3 Qg4 24. Nf1 Be4 25. Ne3 Qg6 26. Nc4 Rfd8 27. Bb6 h5 28. Nxa5 Rdb8 29. Nc6 Bxc6 30. R7xc6 Ra6 31. Rxd6 Kh7 32. Bc7 Rba8 33. Rxa6 Rxa6 34. Qc2 Qxc2 35. Rxc2 Kg6 36. Rc4 Rxa2 37. Rxb4 f6 38. Rb6 Kf5 39. b4 Ra4 40. Kf2 Ra2+ 41. Kg3 Ra3+ 42. Kh4 Ra2 43. Kh3 Rb2 44. Rb5+ Ke4 45. Bd6 g6 46. Be7 Kxf4 47. Bxf6 Rb3+ 48. g3+ Kf3 49. Be7 Re3 50. Rc5 Rb3 51. b5 Rb2 52. Re5 Rb3 53. Bd8 Kf2 54. b6 Rb2 55. Rxe6 Kg1 56. Re1+ Kf2 57. Bf6 Rb4 58. Re7 h4 59. b7 hxg3 60. hxg3 1-0

[Event "Carlos Torre Memorial op 12th"]
[Site "Merida"]
[Date "1999.??.??"]
[Round "1"]
[White "Hidalgo Rios, Manuel"]
[Black "Vallejo Pons, Francisco"]
[Result "0-1"]
[WhiteElo "2014"]
[BlackElo "2519"]
[PlyCount "96"]
[EventDate "1999.12.??"]
[EventType "swiss"]
[EventRounds "9"]
[EventCountry "MEX"]
[SourceTitle "EXT 2001"]
[Source "ChessBase"]
[SourceDate "2000.11.22"]
[SourceVersion "1"]
[SourceVersionDate "2000.11.22"]
[SourceQuality "1"]

1. e4 c5 2. Nf3 Nc6 3. d4 cxd4 4. Nxd4 Nf6 5. Nc3 d6 6. Bc4 Qb6 7. Nb3 e6 8. Be3 Qc7 9. h3 a6 10. 0-0 Ne5 11. Be2 Nc4 12. Bc1 b5 13. a3 Bb7 14. Bd3 g6 15. Bxc4 bxc4 16. Qf3 Bg7 17. Bg5 Nd7 18. Nd2 h6 19. Bf4 0-0 20. h4 f5 21. Bh2 Rac8 22. Qg3 Ne5 23. Nf3 Nxf3+ 24. gxf3 Bxc3 25. bxc3 f4 26. Qxg6+ Qg7 27. Qxg7+ Kxg7 28. Rab1 Ba8 29. Rb6 Rc6 30. Rfb1 e5 31. Rxc6 Bxc6 32. Rb6 Rc8 33. Rxa6 Kf6 34. Kg2 Ke6 35. a4 Bd7 36. a5 Rg8+ 37. Bg3 Rb8 38. Rb6 Ra8 39. a6 Bc8 40. Rc6 Bxa6 41. Rc7 fxg3 42. fxg3 Bb5 43. Rh7 Ra2 44. Rxh6+ Kd7 45. g4 Rxc2+ 46. Kg3 Rxc3 47. g5 Rc1 48. g6 c3 0-1